000 00896nam a2200253 u 4500
001 66066
005 20180714073652.0
008 160905s2011 sp r 000 0 spa d
020 _a9788427715011
041 0 _aspa
082 0 _a378.125094
_bBEN
100 1 _aBenito, Águeda,
_ecoordinadora
245 1 0 _aNuevas claves para la docencia universitaria en el espacio europeo de educación superior /
_cÁgueda Benito, Ana Cruz (coordinadoras), Magdalena Bonsón, Carlos Enguita y otro autor más.
250 _aTercera edición
264 1 _aEspaña :
_bNarcea,
_c2011
300 _a185 páginas ;
_c23 cm.
336 _atexto
_2rdacontent
337 _asin mediación
_2rdamedia
338 _avolumen
_2rdacarrier
490 0 _aUniversitaria
_v25
650 4 _aEducación
_xAprendizaje
_zEuropa
650 4 _aEducación tecnológica
700 1 _aCruz, Ana,
_ecoordinadora
999 _c66066
_d66066